|
|
|
|
| LEADER |
00000nam a2200000Ii 4500 |
| 001 |
DIGEPUJ0298 |
| 003 |
NyNyDIG |
| 006 |
m o d |
| 007 |
cr ||||||||||| |
| 008 |
211015s2020 ck a ob 000 0 spa d |
| 035 |
|
|
|a (OCoLC)1282640179
|
| 040 |
|
|
|a DGITA
|b eng
|e rda
|e pn
|c DGITA
|
| 020 |
|
|
|a 9789587814927
|q eBook
|
| 020 |
|
|
|z 9789587814910
|
| 050 |
1 |
4 |
|a TX359 ebook
|
| 082 |
0 |
4 |
|a 363.192
|
| 245 |
0 |
0 |
|a Soberanía alimentaria :
|b prácticas ysaberes locales para un movimiento global contrahegemónico /
|c Giovanna Micarelli, Luciana Buainain Jacob, editoras académicas
|
| 250 |
|
|
|a Primera edición.
|
| 264 |
|
1 |
|a Bogotá D.C. :
|b Editorial Pontificia Universidad Javeriana,
|c [2020]
|
| 300 |
|
|
|a 1 online resource :
|b illustrations.
|
| 336 |
|
|
|a text
|b txt
|2 rdacontent
|
| 337 |
|
|
|a computer
|b c
|2 rdamedia
|
| 338 |
|
|
|a online resource
|b cr
|2 rdacarrier
|
| 347 |
|
|
|a text file
|2 rdaft
|
| 347 |
|
|
|b EPUB
|
| 490 |
1 |
|
|a Colección Diario de campo
|
| 504 |
|
|
|a Includes bibliographical references.
|
| 588 |
0 |
|
|a Online resource; title from ePub title page (Digitalia, viewed October 15, 2021)
|
| 650 |
|
0 |
|a Food security.
|
| 650 |
|
0 |
|a Nutrition policy.
|
| 650 |
|
0 |
|a Rural development.
|
| 650 |
|
0 |
|a Urban agriculture.
|
| 655 |
|
0 |
|a Electronic books.
|
| 700 |
1 |
|
|a Micarelli, Giovanna,
|e editor.
|
| 700 |
1 |
|
|a Jacob, Luciana Buainain,
|e editor.
|
| 791 |
2 |
|
|a Digitalia (Firm),
|e distributor.
|
| 793 |
0 |
|
|g Digitalia eBook Collection:
|a Pontificia Universidad Javeriana
|
| 776 |
0 |
8 |
|i Print version:
|t Soberanía alimentaria.
|b Primera edición.
|d Bogotá D.C. : Editorial Pontificia Universidad Javeriana, [2020]
|z 9789587814910
|
| 830 |
|
0 |
|a Colección Diario de campo.
|
| 856 |
4 |
0 |
|3 Digitalia Hispánica
|u https://www.digitaliapublishing.com/a/82949/
|
| 910 |
|
|
|a Premium collection: 2021
|